| 000 | 01162nam a22003377a 4500 | ||
|---|---|---|---|
| 003 | CHAP | ||
| 005 | 20220329133505.0 | ||
| 008 | 971013s1991 r 00010 d | ||
| 010 | _a6991 | ||
| 011 | _a7963 | ||
| 035 | _a7188 | ||
| 040 | _cCHAP | ||
| 090 | _aTesis | ||
| 100 | 0 | 0 |
_aCruz Guillén, Francisco Javier. _929413 |
| 245 | _aEvaluación química y microbiológica del ensilaje de la asociación Lolium perenne y Vicia sativa con la aplicación del inoculante Sill-All | ||
| 260 |
_aChapingo, Méx. : _bEl autor, _c1991 |
||
| 300 |
_a64 h. _b; gráfs |
||
| 502 | _aTesis (Ing. Agr. Esp. en Zootecnia) -- UACH. Departamento de Zootecnia | ||
| 590 |
_aALEPH _b10 _c20130110 _lUCH01 _h1220 |
||
| 590 |
_aBATCH-UPD _b10 _c20130110 _lUCH01 _h1405 |
||
| 590 |
_aBATCH-UPD _b10 _c20130410 _lUCH01 _h0854 |
||
| 590 |
_aBATCH-UPD _b10 _c20130914 _lUCH01 _h0415 |
||
| 590 |
_aCONVERSION _b10 _c20130109 _lUCH01 _h1305 |
||
| 650 | 1 | 4 |
_aArveja. _97792 |
| 650 | 1 | 4 |
_aEnsilaje. _937102 |
| 650 | 1 | 4 |
_aLolium perenne. _967505 |
| 650 | 1 | 4 |
_aProductos agrícolas _xAlmacenamiento. _991897 |
| 901 | _aBK | ||
| 942 | _cTESIS | ||
| 949 |
_bBC _cTES _d-17004 _eTS1 _h26004 _i7188 _si |
||
| 999 |
_c6991 _d6991 |
||